Panamá: EE.UU. no se resigna a devolver el Canal /

Se trata de una entrevista realizada a "Chuchú" Martínez, asesor y amigo de Torrijos. En ella habla acerca de la situación política de Panamá, de la campaña desestabilizadora realizada por los Estados Unidos contra el gobierno de M. A. Noriega, y se refiere también a las declaraciones del...

תיאור מלא

שמור ב:
מידע ביבליוגרפי
מחבר ראשי: Hernández Hernández, Gabriela
מחברים אחרים: Martínez, José de Jesús
פורמט: Texto
נושאים:
תגים: הוספת תג
אין תגיות, היה/י הראשונ/ה לתייג את הרשומה!

MARC

LEADER 00000 a a2200000 04500
001 1677
003
040
100 |a Hernández Hernández, Gabriela  
245 |a Panamá:   |b EE.UU. no se resigna a devolver el Canal /  |c Gabriela Hernández Hernández 
520 |a Se trata de una entrevista realizada a "Chuchú" Martínez, asesor y amigo de Torrijos. En ella habla acerca de la situación política de Panamá, de la campaña desestabilizadora realizada por los Estados Unidos contra el gobierno de M. A. Noriega, y se refiere también a las declaraciones del coronel Díaz. También menciona a la Cruzada Civilista, calificándola como básicamente oligárquica. Destaca el papel del ejército, el cual no es oligárquico, pues la oligarquía panameña cuenta con el ejército de Estados Unidos para cualquier eventualidad. Se mencionan las características del "modelo de desarrollo torrijista", así como de la estructura dependiente de Panamá y ligada a los intereses estadounidenses, y cómo esta situación de dependencia afecta al Grupo de Contadora. Concluye analizando las dos posibles salidas a la crisis actual: que se impongan los intereses de los Estados Unidos o que Noriega se mantenga en el poder. OB/eb  
650 |a POLITICA INTERNACIONAL  
650 |a FUERZAS ARMADAS  
650 |a INTERVENCION EXTRANJERA  
650 |a POLITICA ECONOMICA  
650 |a MILITARISMO  
650 |a IMPERIALISMO  
650 |a CLASE OBRERA  
650 |a ECONOMIA DE MERCADO  
700 |a Martínez, José de Jesús  
773 |g número 38; páginas 36-38  
999 |c 25831  |d 25831